000 00472nam a2200181Ia 4500
008 131103s9999 xx 000 0 und d
040 _aLoreto College
041 _aEnglish
082 _aF/MAC
_bLCBED/8560
100 _aMaclean, Alistair
245 _aForce 10 from navarone
_cAlistair Maclean
260 _aLondon
_bFontana
_c1972
300 _a223p.
_c 18 cm.
650 _aEnglish fiction
651 _aEnglish literature
850 _aLCBED/F/MAC
942 _cBK
999 _c32617
_d83096